000 00475nam a2200169Ia 4500
008 090711s9999 xx 000 0 und d
082 _b64775
100 _aबोराडे रा. रं.
245 _aSाारा पाणी
260 _c1990
300 _a99
600 _aबोराडे रा. रं.
630 _aSाारा पाणी
700 _aबोराडे रा. रं.
730 _aSाारा पाणी
942 _cBOOK
999 _c299159
_d299159